01471nam a2200385 i 450000100060000000300080000600500170001400600190003100700150005000800410006502000180010603500230012403500240014703500250017103500210019604000310021705000200024808200170026824501230028526400750040830000250048333600310050833700330053933800430057259001640061565000340077965000350081365000310084865000300087965500270090970000510093679700190098785600620100699900170106849421FlNmELB20241216232029.0m o d | cr cnu||||||||131105s2011 mx o 000 0 spa d z9786077745648 a(MiAaPQ)EBC3214589 a(Au-PeEL)EBL3214589 a(CaPaEBR)ebr10751233 a(OCoLC)991926104 aFINmELBbspaerdacFINmELB 4aJC574bI99 20110 a320.513822300aIzquierdas y sociedad :bhacia una historia social en América Latina /cJosé Domingo Carrillo Padilla, compilador. 1aAguascalientes, Ags. :bUniversidad Autonoma de Aguascalientes,c2011. a1 recurso en línea atextobtxt2rdacontent/spa acomputadorabc2rdamedia/spa arecurso en líneabcr2rdacarrier/spa aRecurso electrónico. Santa Fe, Arg.: e-libro, 2015. Disponible vía World Wide Web. El acceso puede estar limitado para las bibliotecas afiliadas a e-libro. 4aSocialismozAmérica Latina. 4aLiberalismozAmérica Latina. 0aLiberalismzLatin America. 0aSocialismzLatin America. 4aLibros electrónicos.1 aCarrillo Padilla, José Domingo,ecompilador.2 ae-libro, Corp.40uhttps://elibro.net/ereader/politecnicointernacional/40723 c49421d49421